Všetci do Ameriky!

Bibliographic Details
Main Author: Janík, Pavol, 1956- (Author)
Format: Article
Language:Slovak
ISSN:0862-5999
Subjects:

MARC

LEADER 00000nab a2200000 a 4500
001 vtls000800736
005 20260429111756.0
008 140423c2002 xo 0 slo
015 |a SNBRB2002/07-22799 
035 |a CLN000152391 
040 |a SNKBUCL  |b slo  |c SNKBUCL  |e AACR2 
041 0 |a slo 
044 |a xo  |c SK 
080 |a 327(73)(048)  |2 1997 
080 |a 323.23(=924)(048)  |2 1997 
080 |a 323.12(=924)(048)  |2 1997 
100 1 |a Janík, Pavol,  |d 1956-  |4 aut  |9 221069 
245 1 0 |a Všetci do Ameriky!  |c Pavol Janík 
650 0 7 |a Židia  |2 snkbucl  |9 3760 
650 0 7 |a sionizmus  |2 snkbucl  |9 14992 
650 0 7 |a monografie  |2 snkbucl  |9 256509 
655 7 |a recenzie  |2 snkbucl  |9 21907 
655 7 |a články z novín a časopisov  |2 snkbucl  |9 267496 
773 0 |t Literárny týždenník  |g Roč. 15, č. 25 (2002), s. 10  |x 0862-5999 
787 0 8 |i Rec.:  |a Handžárik, Július  |t Pohľady zvnútra  |d Bratislava : Kubko Goral, 2001  |z 8088858399 
852 |a SNK 
958 |a RC 
999 |c 1361839  |d 1363769